| 000 | 00655cam a22002293a 4500 | ||
|---|---|---|---|
| 001 | 21774 | ||
| 003 | PGUSA | ||
| 005 | 20140828083449.0 | ||
| 008 | 070608s2007||||xxu|||||s|||||000 | eng d | ||
| 040 |
_aPGUSA _beng |
||
| 042 | _adc | ||
| 050 | 4 | _aBV | |
| 100 | 1 |
_aUnderhill, Evelyn, _d1875-1941 |
|
| 245 | 1 | 0 |
_aPractical Mysticism : _bA Little Book for Normal People _h[electronic resource] / _cEvelyn Underhill |
| 260 |
_bProject Gutenberg, _c2007 |
||
| 506 | _aPublic domain in the USA. | ||
| 516 | _aElectronic text | ||
| 653 | _aMysticism | ||
| 830 | 0 |
_aProject Gutenberg _v21774 |
|
| 856 | 4 | 0 | _uhttp://www.gutenberg.org/ebooks/21774 |
| 942 | _cEB | ||
| 999 |
_c251029 _d251029 |
||